Every cloud has a silver lining / (Record no. 4124)

MARC details
000 -LEADER
fixed length control field 00771nam a22002777a 4500
001 - CONTROL NUMBER
control field 4124
003 - CONTROL NUMBER IDENTIFIER
control field FISKH
005 - DATE AND TIME OF LATEST TRANSACTION
control field 20240607151901.0
008 - FIXED-LENGTH DATA ELEMENTS--GENERAL INFORMATION
fixed length control field 240607b cb ||||| |||| 00| 0 eng d
020 ## - INTERNATIONAL STANDARD BOOK NUMBER
International Standard Book Number 078073004997
040 ## - CATALOGING SOURCE
Original cataloging agency FISKH
Language of cataloging eng
Transcribing agency FISKH
Modifying agency FISKH
050 ## - LIBRARY OF CONGRESS CALL NUMBER
Classification number PZ7.M4739
082 ## - DEWEY DECIMAL CLASSIFICATION NUMBER
Classification number 519
100 ## - MAIN ENTRY--PERSONAL NAME
Personal name Mazer Anne
Dates associated with a name 1953-
245 ## - TITLE STATEMENT
Title Every cloud has a silver lining /
Remainder of title The amazing days of abby hayes
Statement of responsibility, etc. by Anne Mazer
260 ## - PUBLICATION, DISTRIBUTION, ETC.
Place of publication, distribution, etc. New York :
Name of publisher, distributor, etc. Scholastic,
Date of publication, distribution, etc. 2000
300 ## - PHYSICAL DESCRIPTION
Extent 118 pages :
Dimensions 20 cm
490 ## - SERIES STATEMENT
Volume/sequential designation #1
505 ## - FORMATTED CONTENTS NOTE
Formatted contents note K<br/>
520 ## - SUMMARY, ETC.
Summary, etc. Abby hopes to prove that she is as great as her siblings.<br/>
521 8# - TARGET AUDIENCE NOTE
Target audience note 590<br/>
Source Lexile<br/>
521 8# - TARGET AUDIENCE NOTE
Target audience note K<br/>
Source Raz-Plus<br/>
700 ## - ADDED ENTRY--PERSONAL NAME
Personal name Anne Mazer
942 ## - ADDED ENTRY ELEMENTS (KOHA)
Source of classification or shelving scheme Dewey Decimal Classification
Koha item type Books
Suppress in OPAC No
Holdings
Withdrawn status Lost status Source of classification or shelving scheme Damaged status Not for loan Collection Home library Current library Shelving location Date acquired Total Checkouts Full call number Barcode Date last seen Copy number Price effective from Koha item type
    Dewey Decimal Classification     Fiction Footprints International School Library Network Toul Kork Campus Footprints International School Library Network Toul Kork Campus   06/07/2024   MAZ PZ7.M4739 519 2024-0845 06/07/2024 1 06/07/2024 Books